000 00553nam a2200193Ia 4500
003 OSt
005 20220928144543.0
006 a|||||r|||| 00| 0
007 ta
008 220927b |||||||| |||| 00| 0 eng d
024 _a71721
037 _cTextual
040 _aSDCL
_cSDCL
_beng
041 _2eng
_aeng
082 _aSM,8n1,N64, K4.15-K4.16
245 0 _aADVANCES IN experimental social psychology. V1 ;1964 - . This library has V14 - ; 1981-.
942 _hSM,8n1,N64, K4.15-K4.16
_cTEXL
_2CC
999 _c827846
_d827846